000 00954nmc a2200313 a 4500
003 AR-BaBNM
005 20251128210413.0
008 210020s2000 ||||||||||||||000 | spa||
020 _a987-9450-08-6
040 _cAR-BaBNM
100 1 _aDoval, Gladyz
245 1 0 _aPlanificación anual y anexo de actividades complementarias
_bmatemática 7mo, 8vo y 9no año EGB
250 _a1ª ed.
260 _aBuenos Aires
_bVisión
_c2000
300 _a103 p.
_btablas, gráfs.
490 0 _aPropuesta para el aula
650 4 _aENSENANZA DE LAS MATEMATICAS
650 4 _aACTIVIDADES DE APRENDIZAJE
653 _aCONTENIDOS CONCEPTUALES
653 _aCONTENIDOS PROCEDIMENTALES
653 _aCONTENIDOS ACTITUDINALES
653 _aEXPECTATIVAS DE LOGRO
653 _aUNIDADES DIDACTICAS
653 _aTERCER CICLO DE LA EGB
700 1 _aFernández, Marta D.
_ecoordinador
700 1 _aRuiz Díaz, Edith
942 _cBK
998 _cRaquel
999 _c15334
_d15334